000
00294nam a22001337a 4500
008
171214b xxu||||| |||| 00| 0 eng d
020
_a
0721654703
041
_a
eng
080
_a
591
100
_a
7
101
_a
ZOO
245
_a
CURRENT VETERINARY THERAPY
_c
KIRK.R.W
942
_2
udc
_c
BK
999
_c
38899
_d
38899